Insurgent metaphors: (Record no. 164878)

MARC details
000 -LEADER
fixed length control field 00572nam a2200181 4500
005 - DATE AND TIME OF LATEST TRANSACTION
control field 20190529173829.0
010 ## - LCCN (DPL NO)
LC control number ENG-125378
020 ## - INTERNATIONAL STANDARD BOOK NUMBER
Terms of availability 225.00
International Standard Book Number 9789350020913
035 ## - SYSTEM CONTROL NUMBER
System control number EN-108910
037 ## - SOURCE OF ACQUISITION
Source of stock number/acquisition DBAD/PUB
082 ## - DEWEY DECIMAL CLASSIFICATION NUMBER
Classification number 306.3450954
100 ## - MAIN ENTRY--PERSONAL NAME
Personal name Ghosh, Pothik
245 ## - TITLE STATEMENT
Title Insurgent metaphors:
Statement of responsibility, etc by Pothik Ghosh
Remainder of title Essays in culture and class/
260 ## - PUBLICATION, DISTRIBUTION, ETC. (IMPRINT)
Place of publication, distribution, etc Delhi
Name of publisher, distributor, etc Aakar Books
Date of publication, distribution, etc 2010
270 ## - ADDRESS
Address 28 E Pocket IV, Mayur Vihar Phase I,
City Delhi
Postal code 110091
Electronic mail address aakarbooks@gmail.com
300 ## - PHYSICAL DESCRIPTION
Extent 216p
Dimensions 22cm(pbk)
942 ## - ADDED ENTRY ELEMENTS (KOHA)
Source of classification or shelving scheme Dewey Decimal Classification
Item type English Books
Classification part 306.3450954
Call number suffix GHO
Holdings
Withdrawn status Lost status Not for loan Collection code Home library Current library Date acquired Source of acquisition Cost, normal purchase price Full call number Barcode Copy number Cost, replacement price Koha item type
    Not For Loan Non-fiction D.B.Act.Division Central Library 29/05/2019 DBAD/PUB 225.00 306.3450954 GHO EN-108910 1 225.00 English Books

© Delhi Public Library
Hit Counter
free hit counter